| 000 | 00000nam 2200000zi 4500 |
| 001 | 9.882074 |
| 003 | CaOODSP |
| 005 | 20221107170213 |
| 006 | m o d f |
| 007 | cr cn||||||||| |
| 008 | 191118t20192019quca ob f000 0 eng d |
| 020 | |a9780660332697 |
| 040 | |aCaOODSP|beng|erda|cCaOODSP |
| 043 | |an-cn--- |
| 045 | |ay1y1 |
| 086 | 1 |aEn4-144/37-2019E-1-PDF |
| 245 | 00|aCanadian environmental sustainability indicators : |bspecies at risk population trends. |
| 246 | 14|aSpecies at risk population trends : |bCanadian environmental sustainability indicators |
| 264 | 1|aGatineau QC : |bEnvironment and Climate Change Canada = Environnement et changement climatique Canada, |c2019. |
| 264 | 4|c©2019 |
| 300 | |a1 online resource (13 pages) : |ecolour illustration |
| 336 | |atext|btxt|2rdacontent |
| 337 | |acomputer|bc|2rdamedia |
| 338 | |aonline resource|bcr|2rdacarrier |
| 500 | |aIssued also in French under title: Indicateurs canadiens de durabilité de l'environnement : tendances des populations d'espèces en péril. |
| 500 | |a"December 2019." |
| 500 | |aIssued also in HTML format. |
| 504 | |aIncludes bibliographical references. |
| 520 | |a"The purpose of the Species at Risk Act is to provide for the recovery of wildlife species that are extirpated, endangered or threatened; and to manage species of special concern to prevent them from becoming endangered or threatened. For many of these species, population and distribution objectives are set out in a recovery strategy or management plan. This indicator provides a preliminary assessment of whether the recovery or management efforts are working. It is important to note that it may take many years to observe a population or distribution response in a species to these efforts"--Page 5. |
| 650 | 0|aEndangered species|zCanada. |
| 650 | 0|aWildlife recovery|zCanada. |
| 650 | 0|aEnvironmental indicators|zCanada. |
| 710 | 1 |aCanada. |bEnvironment and Climate Change Canada, |eissuing body. |
| 775 | 08|tIndicateurs canadiens de durabilité de l'environnement : |w(CaOODSP)9.882077 |
| 794 | |tCanadian environmental sustainability indicators : |w(CaOODSP)9.894728 |
| 795 | |tCanadian environmental sustainability indicators : |w(CaOODSP)9.865701 |
| 856 | 40|qPDF|s494 KB|uhttps://publications.gc.ca/collections/collection_2020/eccc/En4-144-37-2019-eng-1.pdf |
| 856 | 4 |qHTML|sN/A|uhttps://www.canada.ca/en/environment-climate-change/services/environmental-indicators/species-risk-population-trends.html |